Spotreba slovenských domácností z pohľadu mzdového a cenového vývoja
Spotreba domácností v každej krajine tvorí výraznú zložku hrubého domáceho produktu (HDP). Peňažné príjmy slovenských domácností. Vývoj spotrebiteľských cien. Výdavky slovenských domácností a ich štruktúra.
Saved in:
| Main Author: | |
|---|---|
| Format: | Book Chapter |
| Language: | Slovak |
| Subjects: | |
| Tags: |
No Tags, Be the first to tag this record!
|
MARC
| LEADER | 00000naa a2200000 4500 | ||
|---|---|---|---|
| 001 | r047049 | ||
| 005 | 20230807083832.8 | ||
| 041 | 0 | |a slo | |
| 044 | |a SK | ||
| 245 | 1 | 0 | |a Spotreba slovenských domácností z pohľadu mzdového a cenového vývoja |c Vieroslava Holková |
| 520 | |a Spotreba domácností v každej krajine tvorí výraznú zložku hrubého domáceho produktu (HDP). Peňažné príjmy slovenských domácností. Vývoj spotrebiteľských cien. Výdavky slovenských domácností a ich štruktúra. | ||
| 610 | 2 | 0 | |a spotreba domácností |
| 610 | 2 | 0 | |a domácnosti |
| 610 | 2 | 0 | |a mzdy |
| 610 | 2 | 0 | |a ceny spotrebiteľské |
| 610 | 2 | 0 | |a produkt domáci hrubý |
| 610 | 2 | 0 | |a príjmy osobné |
| 610 | 2 | 0 | |a Slovensko |
| 100 | 1 | |a Holková, Vieroslava | |